00262nam a2200097Ia 4500008004100000082001800041100002000059245003100079260004300110300001100153150201s2012 xx 000 0 und d a624.1821bSUB aSubramanian, N. aDesign of steel structures bOxford University PressaN.Delhic2012 a1211p.